01708nam a2200373 i 450000500170000000700030001700800410002002000180006104000350007904100080011408200230012210000370014524500930018225000220027526400580029730000260035533600270038133700330040833800280044149000720046950400600054152100380060154500550063958601010069460000640079560000690085960000740092860000740100265000500107665000540112665000300118065000670121065000570127720220317002030.0ta201110s2019 ck ||||er|||| 00| 1dspa d a9789587149081 aCO-BoRNBPbspaerdacCO-BoRNBP0 aspa04aCo862.44bV24a2221 aVélez Ángel, Rodrigo.eautor10aAutores afrocolombianos bdramaturgia para la liberación y la escena cRodrigo Vélez aPrimera edición 1aMedellín bEditorial Universidad de Antioquiac2019 a145 páginas c22 cm 2rdacontentatextobtxt 2rdamediaasin mediaciónbn 2rdacarrieravolumenbnc0 aColección Premios Nacionales de Cultura. Universidad de Antioquia aIncluye referencias bibliográficas al final del texto aRecomendado para público adulto aIncluye datos biográficos del autor en la solapa a8o. Premio Nacional de Investigación y Gestión Cultural, Modalidad Estudios en Cultura, 201814aObeso, Candelariod1849-1884xCrítica e interpretación 14aZapata Olivella, Manueld1920-2004xCrítica e interpretación14aAhumada Zurbarán, Régulod1919-2010xCrítica e interpretación14aMosquera Hinestroza, Eddy Janethd1986-xCrítica e interpretación172LEMBaTeatro colombianoxHistoria y crítica172LEMBaLiteratura colombianaxHistoria y crítica172LEMBaAutores colombianos172LEMBaNegros en la literatura zColombiaxHistoria y crítica172LEMBaAutores negroszColombiaxHistoria y crítica